| 000 | 00869nam a2200217 a 4500 | ||
|---|---|---|---|
| 001 | BRCA_1381 | ||
| 005 | 20190320203413.0 | ||
| 008 | 980513r1989 mx-#---##b---#000-0#spa-d | ||
| 020 | _a9688590347 | ||
| 050 | 4 |
_aLB1596.M4 _b.E38 1989 |
|
| 100 | 1 |
_aEguiarte Sakar, Maria Estela _94518 |
|
| 245 | 1 | 0 |
_aHacer ciudadanos _beducación para el trabajo manufacturero en el s. XIX en México : antología _cMa. Estela Eguiarte Sakar. |
| 260 |
_aMéxico _bUniversidad Iberoamericana, Departamento de Arte _c1989 |
||
| 300 |
_a187 p. _c21 cm. |
||
| 504 | _aIncluye referencias bibliográficas | ||
| 650 | 1 | 4 |
_aArtes industriales _xHistoria _ySiglo XIX _zMéxico _94519 |
| 650 | 1 | 4 |
_aArtesanos _xEducación _ySiglo XIX _zMéxico _94520 |
| 650 | 1 | 4 |
_aEducación _xHistoria _ySiglo XIX _zMéxico _94521 |
| 650 | 1 | 4 |
_aEducación y estado _xHistoria _ySiglo XIX _zMéxico _94522 |
| 942 |
_2lcc _cB |
||
| 999 |
_c1243 _d1243 |
||